000
00252nam a2200097Ia 4500
008
200608s9999 xx 000 0 und d
082
_a
338.7
_b
MIS.P
100
_a
MISHRA R K
245
0
_a
PRIVATISATION - A GLOBAL PERSPECTIVE / MISHRA R K
942
_c
BK
_2
DDC
999
_c
4938
_d
4938